URBAN ECONOMICS IVTH ED. (Record no. 479343)

MARC details
000 -LEADER
fixed length control field 00389pam a2200157a 44500
008 - FIXED-LENGTH DATA ELEMENTS--GENERAL INFORMATION
fixed length control field 230515b1980 xxu||||| |||| 00| 0 eng d
020 ## - INTERNATIONAL STANDARD BOOK NUMBER
International Standard Book Number 0-673-38323-7
041 ## - LANGUAGE CODE
Language code of text/sound track or separate title ENGLISH
082 ## - DEWEY DECIMAL CLASSIFICATION NUMBER
Classification number T/330.9173'2
100 ## - MAIN ENTRY--PERSONAL NAME
Personal name "MILLS.E.S.,HAMILTON.B.W."
245 ## - TITLE STATEMENT
Title URBAN ECONOMICS IVTH ED.
250 ## - EDITION STATEMENT
Edition statement 1
260 ## - PUBLICATION, DISTRIBUTION, ETC.
Place of publication, distribution, etc. LONDON
Name of publisher, distributor, etc. SCIENTIFIC BOOK AGENCY
Date of publication, distribution, etc. 1980
300 ## - PHYSICAL DESCRIPTION
Extent 461
650 ## - SUBJECT ADDED ENTRY--TOPICAL TERM
Topical term or geographic name entry element NULL

No items available.